000
00293nam a22001337a 4500
008
170207b xxu||||| |||| 00| 0 eng d
020
_a
0721631541
041
_a
eng
080
_2
27ED
_a
61
100
_a
4
101
_a
SHM
245
_a
MEDICAL DICTIONARY
_c
ELIZABETH TAYLOR
942
_2
udc
_c
BK
999
_c
4797
_d
4797